LEADER 01123nam2 2200385 450 001 990001360470203316 005 20040121164628.0 035 $a000136047 035 $aUSA01000136047 035 $a(ALEPH)000136047USA01 035 $a000136047 100 $a20040121g1973----km-y0itay0103----ba 101 0 $afre 102 $aFR 105 $a||||||||001yy 200 1 $a<<8.>> : Lettre d'un député de Picardie$fpar Babeuf 210 $aParis$cMicroeditions Hachette$d1973 215 $a1 microfot., 8 p.$d10x15 cm 300 $aMicroriproduzione. - Ed. orig.: [S.l. : S.n.], 1790 410 0$12001 454 1$12001 461 1$1001000136018$12001$aBabeuf et le Babouvisme 600 1 $aBabeuf,$bGracchus 606 0 $aFrancia$xStoria$zSec. 18. 676 $a848 702 1$aSOBOUL,$bA. 801 0$aIT$bsalbc$gISBD 912 $a990001360470203316 951 $a848 BAB Microfot.$b15212 L.M.$c848 959 $aBK 969 $aUMA 979 $aSIAV5$b10$c20040121$lUSA01$h1646 979 $aPATRY$b90$c20040406$lUSA01$h1736 996 $aLettre d'un député de Picardie$9932474 997 $aUNISA LEADER 01245nam 2200373Ia 450 001 996392754403316 005 20200824132841.0 035 $a(CKB)1000000000681750 035 $a(EEBO)2240896801 035 $a(OCoLC)ocm13691192e 035 $a(OCoLC)13691192 035 $a(EXLCZ)991000000000681750 100 $a19860605d1642 uy | 101 0 $aeng 135 $aurbn||||a|bb| 200 10$aEnglands looking-glasse$b[electronic resource] $epresented in a sermon preached before the Honorable House of Commons at their late solemne fast, December 22, 1641 /$fby Edmund Calamy .. 210 $aLondon $cPrinted by I. Raworth for Chr. Meredith ...$d1642 215 $a[8], [2], 62 p 300 $a"Published by order of the House" 300 $aReproduction of original in Thomason Collection, British Library. 330 $aeebo-0167 606 $aFast-day sermons 607 $aGreat Britain$xPolitics and government$y1642-1649 615 0$aFast-day sermons. 700 $aCalamy$b Edmund$f1600-1666.$01002065 801 0$bEAA 801 1$bEAA 801 2$bm/c 801 2$bEAA 801 2$bWaOLN 906 $aBOOK 912 $a996392754403316 996 $aEnglands looking-glasse$92311706 997 $aUNISA